000 00726nam a2200265Ia 4500
003 OSt
005 20221006143705.0
006 a|||||r|||| 00| 0
007 ta
008 221006b |||||||| |||| 00| 0 eng d
020 _c269.55
024 _a9,674
037 _cTextual
040 _aEASL
_cEASL
_beng
041 _2eng
_aeng
082 _aX41,75.N80, M3
100 _aFEUCHTWANG Stephan Ed.
_9279309
245 0 _aChinese economic reforms
260 _aNew York
_bSt. Martin's Press
_c1983
300 _a373p.
_ccm.
490 _v CEL
700 _a ATHAR Hussain Ed.
_9650250
942 _hX41,75.N80, M3
_cTEXL
_2CC
999 _c1077760
_d1077760